Estadísticas para Mapa de Europa Oriental

Haz click aquí para intentar la prueba.

Estadísticas generales

  • Esta prueba ha sido intentada 3.337 veces
    (3.235 desde el último reinicio)
  • La puntuación promedio es 18 de 21

Respuestas en el mapa

Las respuestas están codificadas por una escala verde-roja en el mapa de la prueba según el % correcto abajo.
 

Estadísticas de respuestas

Respuesta% Correcto
Rusia
97%
Ucrania
96%
Polonia
95%
Bielorrusia
94%
Lituania
93%
Estonia
90%
Letonia
90%
Croacia
89%
Moldavia
88%
Rumania
88%
Chequia
85%
Bosnia y Herzegovina
83%
Kosovo
83%
Albania
82%
Hungría
82%
Macedonia del Norte
82%
Bulgaria
81%
Eslovenia
81%
Serbia
81%
Eslovaquia
80%
Montenegro
76%

Distribución de puntuación

Porcentaje por número respondido

Porcentaje de gente con cada puntuación

Historial de tus puntuaciones

No has intentado esta prueba desde el último reinicio